| 000 | 00737nam a22002417a 4500 | ||
|---|---|---|---|
| 003 | dpl | ||
| 005 | 20180626164949.0 | ||
| 008 | 180626b xxu||||| |||| 00| 0 eng d | ||
| 010 | _aB-100141 | ||
| 020 |
_c180.00 _a8123002860 |
||
| 035 | _aB-100141, B-100152 | ||
| 037 | _bCen Lib/Ret | ||
| 040 |
_aDPL _bEN _c0 |
||
| 082 |
_a796.079 _bWAD |
||
| 100 |
_aWadhwaney, K.R. _993042 |
||
| 245 |
_aArjuna awardees / _cby K.R.Wadhwaney |
||
| 260 |
_aNew Delhi _bPublications Division _c2002 |
||
| 270 |
_aPatiala House _bNew Delhi _e110001 |
||
| 300 |
_a471p. _c22cm(pbk) |
||
| 650 |
_aSports -- India -- Reference books. _924703 |
||
| 650 |
_aAthletes -- India -- Biography. _993043 |
||
| 942 |
_2ddc _cEN _h796.079 _mWAD |
||
| 999 |
_c128879 _d128879 |
||